| 000 | 00745nam a2200265Ia 4500 | ||
|---|---|---|---|
| 003 | OSt | ||
| 005 | 20220928130809.0 | ||
| 006 | a|||||r|||| 00| 0 | ||
| 007 | ta | ||
| 008 | 220927b |||||||| |||| 00| 0 eng d | ||
| 020 | _c5073.75 | ||
| 024 | _a128808 | ||
| 037 |
_b223, 08/03/2016, N.R.Book Distributors _cTextual |
||
| 040 |
_aSDCL _cSDCL _beng |
||
| 041 |
_2eng _aeng |
||
| 082 | _aG11, Q6 | ||
| 100 |
_aPlopper George _9421244 |
||
| 245 | 0 | _aPrinciples of cell biology | |
| 250 | _a2nd | ||
| 260 |
_aBurlington _bJone and Bartlett _c2016 |
||
| 300 |
_axxii;565p _ccm. |
||
| 650 | _aBiochemistry | ||
| 942 |
_hG11, Q6 _cTEXL _2CC |
||
| 999 |
_c788739 _d788739 |
||